12 x 12 Multiplication Table - One Minute Sprint - Statistics

General Stats
  • This quiz has been taken 2,854 times
  • The average score is 107 of 144
Answer Stats
Answer % Correct
1
100%
2
100%
3
99%
4
99%
6
99%
5
98%
7
98%
8
98%
9
97%
10
96%
12
96%
11
94%
14
92%
24
92%
16
89%
18
89%
20
89%
22
87%
30
86%
36
84%
40
83%
15
82%
60
80%
21
78%
50
77%
33
76%
55
76%
27
75%
28
73%
44
73%
48
71%
25
70%
35
70%
45
70%
32
66%
66
61%
70
57%
72
57%
42
54%
77
52%
54
50%
80
50%
90
48%
88
47%
100
46%
99
46%
110
45%
56
45%
120
43%
144
43%
49
43%
121
40%
84
39%
132
38%
63
38%
96
33%
108
32%
64
30%
81
29%
No matching quizzes found
Score Distribution
Percent of People with Each Score
Percentile by Number Answered
Your Score History
You have not taken this quiz